[Event "GER-ch 76th"]
[Site "Altenkirchen"]
[Date "2005.02.18"]
[Round "1"]
[White "Jussupow, Artur"]
[Black "Reuss, Andreas"]
[Result "1-0"]
[WhiteElo "2582"]
[BlackElo "2370"]
[Annotator "Atlas,V"]
[PlyCount "79"]
[EventDate "2005.02.18"]
[EventType "swiss"]
[EventRounds "9"]
[EventCountry "GER"]
[SourceTitle "CBM 106"]
[Source "ChessBase"]
[SourceDate "2005.06.06"]
[SourceVersion "1"]
[SourceVersionDate "2005.06.06"]
[SourceQuality "1"]

1. d4 Nf6 2. c4 e6 3. Nc3 d5 4. Bg5 Be7 5. e3 h6 6. Bh4 O-O 7. Nf3 b6 8. Rc1
Bb7 9. Be2 Nbd7 10. cxd5 exd5 11. O-O Ne4 12. Bxe7 Qxe7 13. Qb3 Nxc3 14. Rxc3
c6 15. Rfc1 Rfe8 16. a3 Qf6 17. Qc2 a6 18. Bd3 g6 19. b4 Qe7 20. h4 h5 21. Re1
Nf6 22. g3 Ne4 23. Bxe4 dxe4 24. Ne5 Rac8 25. Rc1 Kg7 26. Qxe4 c5 27. Qf4 cxb4
28. axb4 a5 29. Rxc8 Rxc8 30. Rxc8 Bxc8 31. bxa5 bxa5 32. Nc6 Qb7 33. d5 $1 (
33. Nxa5 {is strongly met by Läuft in die starke Erwiderung} Qb1+ 34. Kh2 Bf5
$1 {, with the very unpleasant threat 35...Be4. mit der sehr peinlichen
Drohung 35...Be4.}) 33... Qb1+ 34. Kh2 Qf1 $2 ({This appealing move turns out
to be a decisive mistake. Essential was Dieser verlockende Zug erweist sich
als entscheidender Fehler. Notwendig war} 34... Bf5 35. Qd4+ {, retaining some
counterchances, , wonach Schwarz einige Gegenchancen behält.}) 35. Qe5+ Kg8 $1
36. Qf6 $1 Bf5 {Now it is too late. Jetzt ist es zu spät.} 37. Ne7+ Kf8 {
[%tqu "En","Can you find a winning combination for White?","Exploit the power
of the passed d-pawn.","Sacrifice your knight to deflect the black bishop.",
"e7g6","This brilliant knight sacrifice decides the outcome of the battle.",6,
"De","Finden Sie eine Gewinnkombination für Weiß?","Bringen Sie die Kraft des
freien d-Bauern zur Geltung.","Opfern Sie den Läufer, um den schwarzen Läufer
abzulenken.","e7g6","Dieses brillante Springeropfer entscheidet den Ausgang
der Schlacht.",6]} 38. Nxg6+ $3 {[%csl Gd5,Rf5,Gf6,Rf8,Gg6][%cal Gd5d8] The
remarkable knight sacrifice allows White to deflect the black bishop and add
momentum to his passed d-pawn. Mit Hilfe dieses bemerkenswerten Springeropfers
kann Weiß den schwarzen Läufer ablenken und seinem d-Freibauern zusätzliche
Kraft verleihen.} Bxg6 39. d6 $1 {[%csl Gd6,Gf6,Rf8][%cal Gf6h8] Threatening
40.Qh8#. Droht 40.Qh8#.} Kg8 (39... Ke8 {fails to scheitert an} 40. Qe7#) 40.
d7 {An impressive march of the d-pawn! Ein beeindruckender Durchmarsch des
d-Bauern!} 1-0

[Event "CZE-ch"]
[Site "Havlickuv Brod"]
[Date "2008.02.12"]
[Round "1"]
[White "Babula, Vlastimil"]
[Black "Konopka, Michal"]
[Result "1-0"]
[WhiteElo "2594"]
[BlackElo "2447"]
[Annotator "Babula,V"]
[PlyCount "85"]
[EventDate "2008.02.12"]
[EventType "tourn"]
[EventRounds "11"]
[EventCountry "CZE"]
[EventCategory "11"]
[SourceTitle "CBM 123"]
[Source "ChessBase"]
[SourceDate "2008.04.02"]
[SourceVersion "1"]
[SourceVersionDate "2008.04.02"]
[SourceQuality "1"]

1. d4 d5 2. c4 e6 3. Nc3 Be7 4. Nf3 Nf6 5. Bg5 h6 6. Bh4 O-O 7. e3 b6 8. Bd3
Bb7 9. O-O Nbd7 10. Qe2 c5 11. Bg3 Ne4 12. cxd5 exd5 13. Rad1 Qc8 {To have
available ... Bb7-a6 after a possible Bd3xe4 d5xe4.} 14. a4 {A prophylactic
move. One of the reasons for it is to have available Nc3-b5 after ...Bb7-a6
shown in the above note.} Nxg3 {A new move. Black gets rid of White's pair of
bishops, but exchanges his strong Ne4.} (14... Ndf6 {has been played:} 15. Ne5
Qe6 16. f4 cxd4 17. exd4 Nxg3 18. hxg3 Bb4 19. g4 Rae8 20. g5 hxg5 21. fxg5 Ne4
22. Bxe4 dxe4 23. Qh5 Bxc3 24. bxc3 e3 25. Rde1 Qd5 26. Qh3 Rxe5 27. dxe5 Re8
28. Rxe3 Rxe5 29. Rxe5 Qxe5 30. Qd7 Qe3+ 31. Kh2 Qe5+ 32. Kh1 Bxg2+ 33. Kxg2
Qxg5+ 34. Kf2 Qf4+ 35. Ke2 Qe4+ 36. Kd2 Qg2+ 37. Ke1 Qe4+ 38. Kf2 Qf4+ 39. Kg2
Qg5+ 40. Kf3 {1-0 Sasikiran,K (2679)-Kasimdzhanov,R (2668)/Skanderborg 2003/
CBM 098/[Dautov]}) ({But it seemed to me that the most unpleasant move is the
quiet} 14... Re8 $5 {and it is not clear what should White do.}) 15. fxg3 $5 {
[%cal Gf1f6] Here I spent a lot of time considering if the open f -file is
more important than the weakened pawn structure.} Bf6 16. Qf2 {[%csl Rd4][%cal
Yf3h4,Yh4f5] White covers the d4-pawn, he would like at some point to play
Nf3-h4.} cxd4 $2 {This central pawn exchange is bad. White gets the open
c-file and in general it frees his hands. Black's light-squared bishop is now
more passive.} ({Black was worried about} 16... g6 $6 17. e4 $1) ({, but
correct was} 16... Re8 $5 $13) 17. exd4 g6 18. h4 $2 {[%cal Yh4h5] This
standard pawn advance is not accurate now.} ({Better is to exploit immediately
the open c-file} 18. Nb5 Qd8 19. Rc1 $16 {[%cal Yc1c7]}) 18... Bg7 $1 {[%cal
Yd7f6,Yf6e4,Yf6g4] Black strives for counterplay aiming his knight at e4 or g4.
} (18... h5 $2 19. Ng5 $16) 19. h5 Nf6 20. hxg6 fxg6 (20... Ne4 $5 21. Qe3 Qe6)
21. Rde1 $5 {[%cal Ge1e8] White activates all his forces rather than taking
the pawn.} ({After} 21. Bxg6 Ne4 22. Qe3 Qg4 $13 {he would be forced to
exchange his bishop.}) 21... Ng4 $2 {The move is in the wrong direction.} ({
Better is} 21... Ne4 22. Nxe4 dxe4 23. Bxe4 Bxe4 24. Rxe4 Qc6 25. Qe3 Qxa4 $14
{Black's king is weakened but it is not easy to find ways how to exploit it.})
22. Qe2 $1 (22. Qd2 $6 Qc7 {[%csl Rg3]}) 22... Re8 ({Here and also later} 22...
g5 {is dangerous due to} 23. Bb1 $1 {[%cal Ye2d3,Ye2c2,Gb1h7] with the simple
idea to mate Black's king.}) 23. Qd2 {Now the queen goes to d2.} ({After
swapping the queens} 23. Qxe8+ $2 Qxe8 24. Rxe8+ Rxe8 25. Bxg6 Re7 $44 {
Black would be quite satisfied.}) 23... Rxe1 (23... Qc7 24. Bxg6 Rxe1 25. Qxe1
$1) 24. Rxe1 Qc7 25. Qf4 $1 {White agrees to swap the queens now as it repairs
his pawn structure.} Qxf4 26. gxf4 $16 {[%csl Rg6][%cal Ye1e7] White has a big
advantage but in time trouble it is not easy to play accurately.} Rf8 (26... g5
$2 27. Re7) (26... Kf7 $6 27. Nb5) 27. Bxg6 $6 {Perhaps both alternatives are
more promising:} (27. g3 g5 28. Re7) (27. Re7 $5 Rf7 28. Re8+) 27... Rxf4 28.
Re8+ $2 (28. Re7) 28... Bf8 $2 ({We both missed that after} 28... Rf8 29. Re7 {
Black has the strong} Ba6 $1 $10 {[%csl Rg1][%cal Yg7d4,Gf8f1] threatening ...
Bg7xd4.}) 29. Ne2 $6 {With the intention to trap Black's Ng4.} (29. Rd8 $1 $16)
29... Rf6 30. Bh5 Bc6 $8 {The only defence not to lose the piece.} 31. Rc8 $5 {
Being short of time I was not able to evaluate accurately if I should give a
rook and a pawn for two minor pieces or not. The chosen decision is perhaps
more practical.} (31. Rxf8+ Kxf8 32. Bxg4 Bxa4 33. Ne5 $16) 31... Ne3 32. b3
Bd7 33. Rc7 Bg4 34. Bxg4 Nxg4 35. Nc3 (35. Rxa7 $6 Rc6) 35... Ne3 36. Rxa7 $2 {
Premature, better is to hide the king in a safer place first.} (36. Kf2 $1 $16
Ng4+ 37. Ke2 Re6+ 38. Kd3 Re3+ 39. Kc2) 36... Rc6 $1 {And Black's gets
sufficient counterplay.} (36... Rg6 $2 37. Kf2 $1) 37. Ne2 Rc2 38. Nf4 Ng4 $2 {
A mistake, when the draw was so close.} (38... Bd6 $1 39. Ne5 Bxe5 40. dxe5 Ng4
41. g3 Nxe5 $10) 39. g3 Rc3 $6 (39... Bd6 $5 40. Nxd5 Bxg3 $16) 40. Kg2 Ne3+ (
40... Rxb3 41. Nxd5 Ne3+ 42. Nxe3 Rxe3 43. Nh4 $1 $16 {[%cal Yh4f5]}) 41. Kh3 {
The time trouble is over; the resulting endgame should be technically won for
White.} Rxb3 $2 {But this loses immediately.} ({After} 41... Rc1 {White
continues simply} 42. Rd7 $16 {as after} Rh1+ 43. Nh2 Nf1 {he has} 44. Kg2 $1)
42. Nh5 $1 $18 {[%cal Yh5f6] Unexpected! Suddenly White has a mating attack.}
Bd6 (42... Ba3 43. Ne5) 43. Nh4 {[%cal Yh4g6]} ({To avoid the mate, Black has
to give up a piece} 43. Nh4 Kf8 44. Ng6+ (44. Nf6 $4 Be7 $1) 44... Ke8 45. Nf6+
Kd8 46. Rd7+ Kc8 47. Rxd6 Nf5 48. Rxd5 Rxg3+ 49. Kh2 Rxg6 50. Rxf5) 1-0

[Event "Kropotkin"]
[Site "Kropotkin"]
[Date "1995.??.??"]
[Round "5"]
[White "Speelman, Jonathan S"]
[Black "Lputian, Smbat G"]
[Result "0-1"]
[WhiteElo "2610"]
[BlackElo "2630"]
[Annotator "Baburin,A"]
[PlyCount "110"]
[EventDate "1995.04.??"]
[EventType "tourn"]
[EventRounds "7"]
[EventCountry "RUS"]
[EventCategory "14"]
[SourceTitle "CBM 047"]
[Source "ChessBase"]
[SourceDate "1995.08.01"]
[SourceVersion "1"]
[SourceVersionDate "1995.08.01"]
[SourceQuality "1"]

1. d4 {Hecht} d5 2. Nf3 Nf6 3. c4 e6 4. Bg5 Be7 5. e3 h6 6. Bh4 O-O 7. Nc3 b6
8. Be2 Bb7 9. Bxf6 Bxf6 10. cxd5 exd5 11. b4 c6 12. O-O a5 13. a3 Nd7 14. Qb3
Re8 15. Rad1 axb4 16. axb4 b5 {This is a typical plan available for Black in
this pawn structure. He stops b4-b5 forever and establishes a potential
outpost on c4 for his Knight. Obviously, Black will be happy to have the
light-squared Bishops exchanged.} 17. Ne1 $6 {Usually after b7-b5 White goes
for pawn break in the centre: e3-e4 in order to highlight the weakness of the
c6-pawn after d5xe4. In this game Speelman tries to occupy the c5-square - the
plan which did not quite work.} (17. Bd3 $5) 17... Nb6 18. Nd3 Bc8 $1 {The
Bishop will be better off on f5.} 19. Nc5 Bf5 20. Ra1 Be7 {Another Bishop goes
to the proper place - d6, where it will be looking at the King side.} 21. Ra2
Rxa2 22. Qxa2 Bd6 23. Ra1 Qh4 $1 24. g3 Qg5 25. Bd3 $2 {This move allows a
combination, but White was obviously concerned about h6-h5- h4 with attack.}
Bxd3 26. Nxd3 {[#]} Rxe3 $1 27. fxe3 Qxe3+ 28. Qf2 Qxd3 29. Ne2 Bxb4 $19 30.
Ra7 Qb1+ 31. Kg2 Qe4+ 32. Qf3 Qe8 33. Nf4 Nc4 34. Qe2 Qxe2+ 35. Nxe2 Bd2 36.
Rb7 Kf8 37. Kf3 b4 38. Nf4 Bc3 39. Nd3 b3 40. Ne5 Nxe5+ 41. dxe5 b2 42. Ke3 c5
43. Kd3 Bxe5 {Hecht:R<-><-> Einfach. Schwarz hat zu viele Freibauern mehr.} 44.
Kc2 Ke8 45. g4 g5 46. h3 f6 47. Rb5 Bd4 48. Rb7 Kd8 49. Kb1 Kc8 50. Ra7 Bc3 51.
Ra3 d4 52. Ra6 d3 53. Rc6+ Kd7 54. Rxc5 d2 55. Rd5+ Ke6 (55... Ke6 56. Rd3 f5
57. gxf5+ Kxf5 58. Kc2 Kf4 59. Rd7 Kg3 60. Rd3+ Kh4 $19) 0-1

[Event "Moscow"]
[Site "Moscow"]
[Date "1981.04.??"]
[Round "9"]
[White "Portisch, Lajos"]
[Black "Geller, Efim P"]
[Result "1/2-1/2"]
[WhiteElo "2650"]
[BlackElo "2615"]
[Annotator "Belov,I"]
[PlyCount "101"]
[EventDate "1981.04.08"]
[EventType "tourn"]
[EventRounds "13"]
[EventCountry "URS"]
[EventCategory "15"]
[SourceTitle "MCL"]
[Source "ChessBase"]
[SourceDate "1999.07.01"]
[SourceVersion "1"]
[SourceVersionDate "1999.07.01"]
[SourceQuality "1"]

1. d4 d5 2. c4 e6 3. Nc3 Be7 4. Nf3 Nf6 5. Bg5 h6 6. Bh4 O-O 7. e3 b6 8. Rc1
Bb7 9. Be2 Nbd7 10. cxd5 exd5 11. O-O c5 12. Qc2 (12. dxc5 bxc5 13. Bg3 Rc8 14.
Rc2 Qb6 15. Rd2 Rfd8 16. Qb1 Qe6 17. Rfd1 Ne4 18. Nxe4 dxe4 $10 {Timman,J-Li,
Zunian/Thessaloniki(ol)/1984/0,5 (42) Inf 38/579/}) (12. Bb5 Rc8 13. dxc5 bxc5
14. Re1 {Beliavsky,A-Georgadze,T/URS/1981/1:0 (42) Inf 31/493/} a6 $1 $13) (12.
Qa4 $1 a6 13. dxc5 bxc5 14. Rfd1 Qb6 15. Qb3 Qa7 16. Bg3 $14 {Karpov,
An-Kasparov,G/Moscow(m/31)/1984/0,5 (35) Inf 38/577/}) 12... Rc8 (12... a6 13.
Rfd1 c4 $6 14. a4 $1 $14 {Hort,V-Karpov,An/Amsterdam/1981/1:0 (26) Inf 31/495/}
) (12... Ne4 13. Bxe7 Qxe7 14. dxc5 Nxc3 15. Qxc3 bxc5 16. Rfe1 Rfc8 17. Bd3 a5
18. Qa3 Rc7 $10 {Vilela,J-Zaitsev,I/Havana/1983/}) 13. Rfd1 Ne4 14. Bxe7 Qxe7
15. dxc5 (15. Qa4 a6 16. dxc5 Nxc3 17. Rxc3 bxc5 18. Qa3 Rfe8 $10 {Tukmakov,
V-Georgadze,T/Erevan(zt)/1982/0,5 (40) Inf 33/568/}) 15... Rxc5 (15... Nxc3 $5
16. Qxc3 bxc5 $10) 16. Qb3 Ndf6 17. Nxe4 (17. Nb5 a6 18. Nbd4 Rfc8 $1 $10) (17.
Na4 Rxc1 18. Rxc1 Ng4 $132) 17... dxe4 18. Nd4 Rfc8 19. Qa3 (19. Rxc5 Qxc5 $5
20. Nb5 $140 Bd5 $13) 19... Bd5 (19... Rxc1 $2 20. Qxe7) 20. Nb5 a5 $10 21. h3
Qe5 22. Rxc5 (22. Nc3 $6 Be6 23. Rd4 Qg5 24. Kf1 Rf5 $17 {/\ Qg3/}) 22... Rxc5
23. Nc3 g6 (23... Bc6 $5 24. Qb3 b5 25. Rd8+ Kh7) 24. Qa4 $1 Kg7 25. Rd4 $1 (
25. Qd4 Qxd4 26. Rxd4 Kf8 $10) 25... h5 26. Qd1 $14 Be6 {/\ b5/} 27. a4 h4 28.
Bb5 g5 29. Be2 {>< g4/} Rc7 30. Rd6 Rd7 (30... Qc5 31. Qd4 Qxd4 32. exd4 $16)
31. Rxd7 Nxd7 32. Bb5 Nf6 33. Qd4 Qxd4 $8 (33... Qf5 $6 34. Bc6 $16) 34. exd4
Kf8 35. Bc6 Bb3 (35... Bf5 36. Kf1 Ke7 37. Ke2 Kd6 38. Ba8 $16 {/\ Ke3/}) 36.
Kf1 Ke7 37. Ke2 Kd6 38. Ba8 Ke6 39. Ke3 Nd5+ $1 (39... Kf5 40. Nxe4 Bxa4 41.
Nd6+ Ke6 42. Nc4 $16) 40. Bxd5+ Bxd5 41. Nxe4 f6 42. f4 (42. f3 Bb3 43. Nc3 Kf5
$44) 42... Kf5 43. g4+ hxg3 44. Nxg3+ Kg6 45. fxg5 fxg5 46. Ne4 Bb3 47. Nc3 Kf5
$44 48. Kf3 Bc4 49. Kg3 Bf7 50. d5 Be8 $1 (50... Ke5 51. Kg4) 51. Nb5 (51. Nb5
Ke5 52. Kg4 Bd7+ $10) 1/2-1/2

[Event "Elenite"]
[Site "Elenite"]
[Date "1993.??.??"]
[Round "4"]
[White "Vyzmanavin, Alexey"]
[Black "Kolev, Atanas"]
[Result "1-0"]
[WhiteElo "2605"]
[BlackElo "2500"]
[Annotator "Belov,I"]
[PlyCount "79"]
[EventDate "1993.??.??"]
[EventType "tourn"]
[EventRounds "11"]
[EventCountry "BUL"]
[EventCategory "14"]
[SourceTitle "CBM 038"]
[Source "ChessBase"]
[SourceDate "1994.02.01"]
[SourceVersion "1"]
[SourceVersionDate "1994.02.01"]
[SourceQuality "1"]

1. d4 Nf6 2. c4 e6 3. Nf3 d5 4. Nc3 Be7 5. Bg5 O-O 6. e3 h6 7. Bh4 b6 8. Bd3
Bb7 9. O-O Nbd7 10. Bg3 $5 c5 (10... Ne4 $2 11. Bxe4 dxe4 12. Nd2 f5 13. Nb5 $1
$16 {Zaichik,G-Petrosian,A /Moscow/1987/}) (10... Bd6 $5 11. Rc1 Bxg3 12. hxg3
c5 13. Qe2 a6 14. a4 Ne4 15. Rfd1 Qe7 $10 {Mikhalchishin,A-Diaz,J /Trnava/1988/
}) (10... dxc4 $5 11. Bxc4 c5) 11. Qe2 (11. Rc1 cxd4 (11... Ne4 12. cxd5 exd5
13. dxc5 Nxc3 14. Rxc3 $14 {Romanishin,O-Portish,L /Wijk aan Zee/1985 Inf 39/
544/})) 11... Ne4 (11... cxd4 $6 12. exd4 dxc4 13. Bxc4 Bb4 14. Nb5 $1 Ne4 {
Ftacnik,L-Beliavsky,A /Wien/Inf 41/514/} 15. Bc7 $1 Qe8 16. a3 Be7 17. Bf4 Qd8
18. Rac1 Ndf6 19. Nc7 Rc8 20. Ba6 $16 {Ftacnik/}) 12. cxd5 exd5 13. Rad1 (13.
Rac1 $5) (13. Rfd1) 13... Nxg3 (13... Ndf6 14. dxc5 Nxc3 15. bxc3 Bxc5 16. Nd4
Qe7 17. Bh4 Qe5 18. f4 Qd6 19. Nb3 Rfe8 20. Nxc5 bxc5 21. c4 Qe6 22. Bxf6 Qxf6
23. cxd5 Bxd5 24. e4 c4 25. Bb1 $14 {Vyzmanavin,A-Petrosian,A /Palma de
Mallorka/1989/}) (13... cxd4 $6 14. Bxe4 $1 dxe4 15. Nxd4 Qc8 16. Nf5 $16 {
Belov,I-Donev,I /Pravec/1989/}) 14. hxg3 Nf6 (14... Bf6 15. Bb1 Re8 16. Rd2 a6
17. Rc1 Rc8 18. Qd1 c4 19. Nh2 g6 $14 {Vyzmanavin,A-Pigusov,E /Moscow/1987/}) (
14... Qc7 15. Bc2 Rad8 16. dxc5 Nxc5 17. Nd4 Bf6 18. Qg4 Rfe8 19. Rc1 Qe5 20.
Rfe1 g6 21. b4 h5 22. Qf3 Ne4 23. Ba4 $1 $16 {Vyzmanavin,A-Geller,E /Sochi/
1990/}) 15. dxc5 bxc5 16. Ba6 Qb6 17. Bxb7 Qxb7 18. Rd2 (18. Ne5 $5 Rfd8 19.
Nd3 $14) 18... Rfd8 19. Rfd1 (19. Rc1 Rac8 20. Ne5 d4 $10) 19... Rd6 20. Ne1
Rad8 21. Nd3 Ne4 $1 $10 22. Rc2 (22. Nxe4 dxe4 23. Nf4 g6 $10) 22... Bf6 $1 23.
Nf4 Bxc3 $5 (23... Nxc3 24. bxc3 c4 25. Qf3 Be5 $10) 24. bxc3 Qc6 (24... Qe7 $5
) 25. Kh2 Qa4 $6 (25... c4 $5) 26. f3 Nf6 27. c4 $1 $14 Qc6 (27... dxc4 28.
Rxd6 Rxd6 29. Rxc4 Qb5 30. Qc2 $16) (27... d4 28. e4 $5 Re8 29. Nd3 Qa5 30. Rb2
$16) 28. cxd5 Nxd5 29. Nd3 $1 Nb6 30. Ne5 $1 Qc7 31. Rdc1 Rd5 32. f4 Nd7 (32...
f6 33. e4 Rd4 34. Rxc5 Qb7 35. Nc6 $18) 33. Ng4 (33. Nxd7 Qxd7 34. e4 Qe7 $1
35. Qf3 Rd4 36. e5 R4d5 $14) 33... Qb6 (33... f5 $5 34. e4 fxe4 35. Qxe4 Rd6
$16) 34. e4 Rd4 35. e5 Qe6 36. Qf3 Qg6 37. Ne3 $1 Qe4 38. Qxe4 Rxe4 39. Nf5 Nb6
40. Nd6 $138 (40. Nd6 Ra4 41. Rxc5 Rxa2 42. Rc7 Rf8 43. Rb7 $18) (40. Rxc5 $18)
1-0

[Event "Moscow"]
[Site "Moscow"]
[Date "1981.04.??"]
[Round "3"]
[White "Karpov, Anatoly"]
[Black "Geller, Efim P"]
[Result "1-0"]
[WhiteElo "2690"]
[BlackElo "2615"]
[Annotator "Belov,I"]
[PlyCount "65"]
[EventDate "1981.04.08"]
[EventType "tourn"]
[EventRounds "13"]
[EventCountry "URS"]
[EventCategory "15"]
[SourceTitle "MCL"]
[Source "ChessBase"]
[SourceDate "1999.07.01"]
[SourceVersion "1"]
[SourceVersionDate "1999.07.01"]
[SourceQuality "1"]

1. d4 d5 2. c4 e6 3. Nc3 Be7 4. Nf3 Nf6 5. Bg5 h6 6. Bh4 O-O 7. e3 b6 8. Rc1
Bb7 9. Bd3 Nbd7 10. O-O c5 11. Qe2 Rc8 (11... dxc4 12. Bxc4 a6 13. a4 cxd4 14.
exd4 Re8 15. Rfd1 Nh5 $1 16. Bg3 Nxg3 17. hxg3 Nf6 18. Ne5 Bb4 19. f4 $14) (
11... Ne4 12. Bg3 $1 Nxg3 13. hxg3 cxd4 14. exd4 dxc4 15. Bxc4 Nf6 16. Rfd1 Bb4
17. Ne5 $14) 12. Bg3 $1 cxd4 13. exd4 dxc4 14. Bxc4 Bxf3 $6 (14... Nh5 $5 15.
Rfd1 (15. Ba6 Nxg3 16. hxg3 Bxa6 17. Qxa6 Rc7 $10 {Najdorf,M-Hort,V/Lugano(ol)/
1968/}) 15... Nxg3 16. hxg3 Nf6 17. Ne5 Bb4 $1 18. Ba6 Qe7 $10 {Gurevich,
M-Beliavsky,A/Reggio Emilia/1989/0,5 (22)/}) 15. gxf3 Nh5 $8 16. Ba6 Nxg3 17.
hxg3 Rc7 (17... Rc6 18. Rfd1 Nf6 19. Kg2 $1 $14 (19. Nb5 Qd7 20. a3 Nd5 21. Rc4
Bg5 22. Nc3 {Torre,E-Gurevich,M/Leningrad/1987/0,5 (22)/}) 19... Qb8 $140 $2
20. Nd5 $1 $16) (17... Ra8 18. Rfd1 Nf6 19. d5 exd5 20. Bb7 Rb8 21. Bxd5 $5 $14
(21. Nxd5 $14)) 18. Rfd1 Nf6 19. Nb5 $14 Rxc1 20. Rxc1 Nd5 (20... Qb8 21. Rc7
Nd5 22. Rxa7 $16) 21. Nxa7 Nb4 22. a3 $1 Qa8 $5 (22... Nxa6 23. Nc6 $1 Qd7 24.
Qxa6 $16) 23. Rc7 $1 $8 (23. Nc8 $2 Bg5 $1 $19) 23... Nd5 24. Rb7 $1 (24. Rd7
Rd8 $1 25. Rxd8+ Bxd8 26. Qb5 Bf6 $13) 24... Bf6 25. Nc6 $16 Rc8 26. Ne5 Bxe5
27. dxe5 Rc1+ (27... b5 28. Qxb5 Rc1+ (28... Nc7 29. Qd7 $18) 29. Kg2 Nc7 30.
Rb8+ $18) 28. Kg2 $1 (28. Kh2 $6 Qd8 29. Bd3 Nf4 $1 $17) 28... Qd8 29. Bd3 Ra1
(29... g6 30. Qd2 Ra1 31. Qxh6 $18) (29... Rc7 30. Rxc7 Qxc7 $16) 30. Qe4 g6
31. Rxf7 $1 $18 Kxf7 32. Qxg6+ Kf8 33. Qxh6+ (33. Qxh6+ Ke8 (33... Kg8 34. Qh7+
Kf8 35. Qh8+ Ke7 36. Qg7+ Ke8 37. Bg6#) 34. Bb5+ $18) 1-0

[Event "Moscow"]
[Site "Moscow"]
[Date "1981.04.??"]
[Round "4"]
[White "Kasparov, Garry"]
[Black "Torre, Eugenio"]
[Result "1-0"]
[WhiteElo "2625"]
[BlackElo "2550"]
[Annotator "Belov,I"]
[PlyCount "71"]
[EventDate "1981.04.08"]
[EventType "tourn"]
[EventRounds "13"]
[EventCountry "URS"]
[EventCategory "15"]
[SourceTitle "MCL"]
[Source "ChessBase"]
[SourceDate "1999.07.01"]
[SourceVersion "1"]
[SourceVersionDate "1999.07.01"]
[SourceQuality "1"]

1. d4 Nf6 2. c4 e6 3. Nf3 d5 4. Nc3 Be7 5. Bg5 O-O 6. e3 h6 7. Bh4 b6 8. Be2
Bb7 9. Bxf6 Bxf6 10. cxd5 exd5 11. O-O (11. b4 c5 (11... c6 12. O-O a5 13. b5 (
13. bxa5 Rxa5 14. a4 Bc8 $1 $10 {Nikolic,P-Beliavsky,A/Tilburg/1993/0:1 (64)
Inf 59/487/}) 13... c5 14. Rc1 Nd7 15. dxc5 Nxc5 16. Nd4 Qd6 17. Bg4 $14 {
Nikolic,P-Beliavsky,A/Groningen/1993/Inf 59/(487)/}) 12. bxc5 bxc5 13. Rb1 Qa5
14. Qd2 cxd4 15. Nxd4 Bxd4 16. exd4 Bc6 17. Nd1 $1 Qxd2+ 18. Kxd2 Nd7 19. Rc1
$1 $16 {Chernin,A-Beliavsky,A/Debrecen/1992/Inf 56/(516)/}) 11... c5 (11... Qe7
12. Qb3 Rd8 13. Rad1 c5 14. dxc5 Bxc3 15. Qxc3 bxc5 $10) (11... Nd7 12. Qb3 c6
13. Rad1 Re8 14. Rfe1 Nf8 15. e4 g6 16. e5 Bg7 $10) 12. dxc5 Bxc3 $8 (12...
bxc5 13. Qb3 $16) 13. bxc3 bxc5 14. Rb1 Qe7 $6 (14... Qc7 $142 15. Qb3 Bc6 16.
Bb5 Bxb5 17. Qxb5 Nd7 18. Qb7 Qd6 $10) 15. Qb3 (15. Qa4 $142 $1 Nc6 16. Qa3 $16
{Kasparov/}) 15... Bc6 16. Qa3 Rc8 $1 {>< c5/} (16... Nd7 17. Nd4 Rfc8 18. Bg4
$16) 17. Nd4 Rc7 18. Nb3 Nd7 19. Rfd1 Nb6 $10 20. Bf3 (20. Nxc5 $2 Ba4 $19) (
20. Qxc5 Qxc5 21. Nxc5 Ba4 $1 22. Nxa4 Nxa4 $10) 20... Bb7 $6 (20... Rac8 $142
$5 21. Qxc5 Qxc5 22. Nxc5 Ba8 23. Na6 Rxc3 $10) (20... Bd7 $5 {Kasparov/} 21.
Bxd5 $140 $2 Nxd5 22. Rxd5 Bc6 23. Rdd1 Qe4 24. f3 $8 Qxe3+ $17) 21. Na5 $1 Rd8
22. Nxb7 Rxb7 23. h3 (23. c4 $1 Nxc4 24. Rxb7 Qxb7 25. Qxc5 $16) 23... Rbd7 $6
(23... Rc7 $142 $14) 24. Rb5 $1 Rc7 25. Qb3 Rcd7 26. a4 $1 $16 d4 $8 27. exd4
cxd4 28. a5 Nc8 (28... dxc3 29. axb6 Rxd1+ 30. Bxd1 Qe1+ 31. Kh2 Rxd1 32. Qxd1
$1 Qxd1 33. bxa7 $18 {Kasparov/}) 29. cxd4 Rxd4 30. Rxd4 Rxd4 31. Qc3 $1 Rd8
32. Rb7 Qd6 33. Rc7 $1 $18 Ne7 34. Rxa7 Ng6 35. Qc7 Qf6 36. Qxd8+ $1 (36. Qxd8+
$1 Qxd8 37. Ra8 $18) 1-0